| 000 | 00876cam a2200229 4500 | ||
|---|---|---|---|
| 001 | D1309 | ||
| 008 | 071211s1975 xxka e 00 0deng | ||
| 035 | _a(Sirsi) u63408 | ||
| 041 | _aeng | ||
| 050 | 0 | 4 | _a920 $2 18 |
| 100 | 1 | _aBarty-King, Hugh | |
| 245 | 0 | 0 | _aScratch a surveyor...the nearest anyone will ever get to telling the story of Drivers Jonas, traced through the diaries, letters, memos, reports which might have been written - and some which were - between 1725 and 1975 |
| 260 |
_aLondon _bHeinemann _c1975 |
||
| 300 |
_axiv, 273p. _bill. _c24cm |
||
| 350 | _a6.5 | ||
| 520 | _aLibrary also holds a presentation copy of the book, housed in a slip-case, and shelved in the Reserve Collection. | ||
| 610 | 2 | 4 |
_aDrivers Jonas _91941 |
| 651 | 4 |
_aUnited Kingdom _y |
|
| 690 | _aABOUT RICS-RICS MEMBERS-CHARTERED SURVEYORS | ||
| 942 | _n0 | ||
| 948 | _c04/03/1997 | ||
| 999 |
_c94552 _d94552 |
||